LDR 00864naa#a2200181#i#450# 001 RU\RIOR\bibl\124412 005 20260629130944.1 011 ## _a2409-6024 100 ## _a20260530b2026####ek#y0rusy0150####ca 102 ## _aRU 200 1# _aНАУЧНО-ОБРАЗОВАТЕЛЬНЫЙ ПОТЕНЦИАЛ УНИВЕРСИТЕТА КАК ОБЪЕКТ УПРАВЛЕНИЯ В СОВРЕМЕННОЙ ЦИФРОВОЙ СРЕДЕ _eЖурнальная статья 210 1# _aМосква _cООО "Издательский Центр РИОР" _d2026 215 ## _a12 с. 608 ## _aЖурнальная статья _2local 675 ## _aЭкономика. Народное хозяйство. Экономические науки. 33 _z 700 #1 _aБариев _gРоман Александрович 700 #1 _aБодяко _gАнна Владимировна 856 4# _ariorpub.com _u